000
00284nam a2200121Ia 4500
005
20251222143247.0
008
251222s9999||||xx |||||||||||||| ||spa||
020
_a
2-908901-01-3
082
_a
708.44/J46
245
0
_a
Jeu de Paume Histoire
264
_b
Du Jeu de Paume
942
_c
LIB
999
_c
14819
_d
14819